000
00306nam a2200121Ia 4500
005
20251222154412.0
008
251222s9999||||xx |||||||||||||| ||spa||
082
_a
339.2/A69/Ej.2
100
_a
Arellano Guerrero, Edwin
245
0
_a
Manual de Indicadores Económicos
264
_b
Monterrico
942
_c
LIB
999
_c
35702
_d
35702